000 00538cas a2200169 i 4500
999 _c60844
_d60844
001 768714001
003 CO-MdFUSB
005 20180414102745.0
008 180414s2005 cr ||||| |||| 00| 0 spa d
040 _aCO-MdFUSB
_bspa
_cCO-MdFUSB
_dCO-MdFUSB
041 _aspa
100 1 _aSimpson, Charles
_eautor
245 1 0 _aLa ciudad de la gracia de Dios
300 _aVolumen 7. Número 2 (2005), páginas 19-20
_c: 28 cm.
773 0 _tConquista Cristiana
_049446
_960341
_gVolumen 7. Número 2 (2005), páginas 19-20
_qpágina 19
942 _cANA